000 00590nam a2200205 u 4500
999 _c8036
_d8036
003 OSt
005 20250926141415.0
008 250904s2025 spc r 000 0 spa d
020 _a9791399063714
040 _cCDMR
_bcat
100 1 _aSoteras, Clara
_eautor
245 1 0 _aManual de instrucciones SEO para medios /
_cpor Clara Soteras
260 _aBarcelona :
_bTendenci@s +,
_c2025
300 _a65 pàgines ;
_c21 cm
490 1 _aInforme tendenci@s+ ;
_v1
650 7 _aCercadors a Internet
650 7 _aInternet
_xMàrqueting
830 0 _aInforme tendenci@s+ :
_v1
942 _2udc
_cMON